Cite them right : (Record no. 593048)
[ view plain ]
| 000 -LEADER | |
|---|---|
| fixed length control field | 01498cam a2200301 i 4500 |
| 001 - CONTROL NUMBER | |
| control field | 17721259 |
| 005 - DATE AND TIME OF LATEST TRANSACTION | |
| control field | 20230130122328.0 |
| 008 - FIXED-LENGTH DATA ELEMENTS--GENERAL INFORMATION | |
| fixed length control field | 130502s2013 enka b 001 0 eng |
| 010 ## - LIBRARY OF CONGRESS CONTROL NUMBER | |
| LC control number | 2013016549 |
| 020 ## - INTERNATIONAL STANDARD BOOK NUMBER | |
| International Standard Book Number | 9781137273116 |
| 040 ## - CATALOGING SOURCE | |
| Original cataloging agency | DLC |
| Language of cataloging | eng |
| Transcribing agency | DLC |
| Description conventions | rda |
| Modifying agency | DLC |
| 042 ## - AUTHENTICATION CODE | |
| Authentication code | pcc |
| 082 00 - DEWEY DECIMAL CLASSIFICATION NUMBER | |
| Classification number | 808.027,PEA |
| Edition number | 23 |
| 100 1# - MAIN ENTRY--PERSONAL NAME | |
| Personal name | Pears, Richard. |
| 9 (RLIN) | 108029 |
| 245 10 - TITLE STATEMENT | |
| Title | Cite them right : |
| Remainder of title | the essential referencing guide / |
| Statement of responsibility, etc. | Richard Pears, Graham Shields. |
| 250 ## - EDITION STATEMENT | |
| Edition statement | 10th Edition. |
| 264 #1 - PRODUCTION, PUBLICATION, DISTRIBUTION, MANUFACTURE, AND COPYRIGHT NOTICE | |
| Place of production, publication, distribution, manufacture | Houndmills, Basingstoke, Hampshire : |
| Name of producer, publisher, distributor, manufacturer | Palgrave Macmillan, |
| Date of production, publication, distribution, manufacture, or copyright notice | [2016] |
| 300 ## - PHYSICAL DESCRIPTION | |
| Extent | xix, 169 pages : |
| Other physical details | color illustrations ; |
| Dimensions | 25 cm. |
| 336 ## - CONTENT TYPE | |
| Content type term | text |
| Source | rdacontent |
| 337 ## - MEDIA TYPE | |
| Media type term | unmediated |
| Source | rdamedia |
| 338 ## - CARRIER TYPE | |
| Carrier type term | volume |
| Source | rdacarrier |
| 505 ## - FORMATTED CONTENTS NOTE | |
| Formatted contents note | What is referencing? (Page-1), How to cite (Page-6), How to quote, paraphrase and summaries (Page-9), How to reference (Page-12), Harvard reference style (Page-22), APA referencing style (Page-91), Chicago referencing style (Page-109), MHRA referencing style (Page-121), MLA referencing style (Page-131), OSCOLA referencing style (Page-143), Vancouver referencing style (Page-153). |
| 650 #0 - SUBJECT ADDED ENTRY--TOPICAL TERM | |
| Topical term or geographic name entry element | Bibliographical citations. |
| 9 (RLIN) | 108030 |
| 700 1# - ADDED ENTRY--PERSONAL NAME | |
| Personal name | Shields, Graham J. |
| Relator term | author. |
| 9 (RLIN) | 108031 |
| 906 ## - LOCAL DATA ELEMENT F, LDF (RLIN) | |
| a | 7 |
| b | cbc |
| c | orignew |
| d | 1 |
| e | ecip |
| f | 20 |
| g | y-gencatlg |
| 942 ## - ADDED ENTRY ELEMENTS (KOHA) | |
| Source of classification or shelving scheme | |
| Koha item type | Book |
| Call number prefix | 808.027,PEA |
| Withdrawn status | Lost status | Source of classification or shelving scheme | Damaged status | Not for loan | Permanent Location | Current Location | Shelving location | Date acquired | Total Checkouts | Full call number | Barcode | Date last seen | Price effective from | Koha item type | Public note |
|---|---|---|---|---|---|---|---|---|---|---|---|---|---|---|---|
| Military College of Signals (MCS) | Military College of Signals (MCS) | General Stacks | 01/30/2023 | 808.027,PEA | MCS37681 | 01/30/2023 | 01/30/2023 | Book | Almirah No. 56, Shelf No.1 |
